00483nam a2200193Ia 4500003000400000005001700004008004100021020001500062040000700077041000800084082002100092100002000113245004700133260003500180300001400215365001300229650003100242650001600273OSt20230608111919.0210423s2005 xx 000 0 und d a1741142830 cAL aeng a361.3 223bMAIP aMAIDMENT (Jane) aPractice skills in social work and welfare aAustraliabAllen & Unwinc2005 ax,318bPB b325cINR aSocial Problems & Services aSocial Work